000 00778aam a2200289 i 4500
001 768714001
003 CO-MdFUSB
005 20250503110933.0
007 ta
008 250503t1978 pr |||| |||| 00| 0 spa d
040 _cCO-MdFUSB
041 0 _aspa
_heng
082 0 4 _223
_a241
_bL783v
100 1 _aLaHaye, Tim
_eautor
240 _aUnderstanding the male temperament
245 1 0 _aVarón y su temperamento
_c/ Tim LaHaye
264 1 _bBetania,
_aCaparra Terrace, Puerto Rico :
_c[1978]
264 4 _c©1978
300 _a217 páginas
336 _atexto
_btxt
_2rdacontent
337 _2rdamedia
_asin mediación
_bn
338 _2rdacarrier
_avolumen
_bnc
563 _aRústico
650 7 _aHombres
_2embne
_97140
942 _cBK
945 _aJTF-925
999 _c35352
_d35352